Celestial Shell - Terraria Crafting Tree - Statistics

General Stats
  • This quiz has been taken 10 times
  • The average score is 5 of 7
Answer Stats
Item % Correct
Celestial Shell
90%
Moon Stone
90%
Sun Stone
90%
Celestial Stone
80%
Moon Charm
70%
Moon Shell
60%
Neptune's Shell
60%
No matching quizzes found
Score Distribution
Percent of People with Each Score
Percentile by Number Answered
Your Score History
You have not taken this quiz